Social innovation Inspirational practices supporting people throughout their lives

Detalles Bibliográficos
Formato: eBook
Lenguaje:inglés
Publicado: Bruselas: European Union Publications Office, 2020
Materias:
Acceso en línea:Acceso restringido

MARC

LEADER 00000nam a22000007a 4500
005 20210826114946.0
007 cr|||| ||||
008 210826s2020 eu |||||s|||| 00||0 eng d
020 |a 978-92-76-25457-7 
035 |a 34336 
040 |a vLex 
090 |c 12136  |d 12136 
245 1 0 |a Social innovation  |h [Recurso electrn̤ico] :  |b Inspirational practices supporting people throughout their lives 
256 |a Servicio en ln̕ea 
260 |a Bruselas:  |b European Union Publications Office,  |c 2020 
300 |a 1 recurso electrn̤ico 
500 |a The brochure 'Social Innovation: inspirational practices supporting people throughout their lives' presents 27 examples of social innovation initiatives across the European Union, one from each Member State. It highlights the diversity and success of social innovations in Europe, showcasing initiatives that facilitate transitions, integrate disadvantaged groups, redesign business models, empower people, build partnerships and deliver public policies, in new and creative ways. Innovators include NGOs, social enterprises, local, regional and national authorities, social partners and the private sector, often working in partnership to improve people’s lives. The brochure aims to raise awareness of the significant positive impact that such innovations can have on people and communities. Its goal is to inform Member States, organisations and other actors about existing good practices on social innovation, facilitating learning exchange and transnational cooperation, particularly in the context of the future European Social Fund Plus. 
506 1 |a Disponible solo en los productos indicados  |d vLex Global  |d vLex Global (Academic Edition, excluding Law Schools)  |d vLex Global (U.S. Academic Edition, Law Schools)  |d vLex Global (U.S. Academic Edition, excluding Law Schools)  |d vLex Global (Academic Edition, Law Schools) 
650 0 4 |a Derecho Pb︢lico y Administrativo  |z Unin̤ Europea 
740 0 |a vLex Libros (Servicio en ln̕ea) 
856 4 0 |u https://app.vlex.com/#/sources/34336  |z Acceso restringido 
942 |c BOOK 
999 0 |a Public and Administrative Law